| 000 | 00638nam a2200217Ia 4500 | ||
|---|---|---|---|
| 001 | 2693 | ||
| 003 | GE_BSU | ||
| 008 | 181216s||||||||xx |||||||||||||| ||und|| | ||
| 040 | _cGE_BSU | ||
| 080 | _a94(479.9) | ||
| 100 | _aშადური, ვანო | ||
| 245 | _aკავკავის ქართული სკოლა. მატიანე. ნ. 1. | ||
| 245 | _b(1888–1904წ.წ) | ||
| 260 | _aთბილის | ||
| 260 | _bსახ. უნ–ტი | ||
| 260 | _c1990 | ||
| 300 | _a88 გვ. | ||
| 541 | _h3 ლ. | ||
| 653 | _aკავკავის ქართული სკოლა. | ||
| 942 | _cBK | ||
| 999 |
_c36755 _d36755 |
||